=LDR 00000nam 2200000 4500 =001 NUTBA000000000000239 =005 20140319101251.0 =006 =007 =008 =020 ##$$a 978-602-00-1303-9 =035 ##$$0010-031400000000238 =040 ##$$a Ind =090 ##$$a 808.02$bAnd m =100 ##$$a Andi Andrianto =245 ##$$a Menaklukkan media$cAndi andrianto =260 ##$$a Jakarta$bElex media komputindo$c[Sa]. =300 ##$$a 181 Hlm$c16 cm. =850 ##$$a NBPNMAT =990 ##$$a 21102572 =990 ##$$a 90560/BPAP-NTB/2014 =990 ##$$a 0001/BPAP-NTB/2015